| 000 | 00465nam a2200169 a 4500 | ||
|---|---|---|---|
| 001 | 000023466 | ||
| 005 | 20200930022235.0 | ||
| 008 | 101208s1948 ag r 000 c spa d | ||
| 040 |
_aDO-SdBNP _bspa _cBNPHU |
||
| 082 |
_axxx _bS319 |
||
| 100 | 1 |
_aScheines, Gregorio _99881 |
|
| 245 | 1 | 3 |
_aEl Gigante de Arena : _bcuentos / _cGregorio Scheines. |
| 260 |
_aBuenos Aires : _bArgos, _c1948. |
||
| 300 |
_a165 p. ; _c21 cm. |
||
| 490 | _aObra de Ficción | ||
| 049 | _aBNGR | ||
| 999 |
_c22962 _d22962 |
||